000 00221nam a22000857a 4500
008 160907b xxu||||| |||| 00| 0 eng d
100 _9313
_aShain M
245 _aWhen lovers are friends
260 _aNew York
_bBantam Books
_c1973
999 _c2973
_d2973